Слоновской А.

Доступно только в Электронных читальных залах Найти на картеНа карте
RUSMARC
00003909nac2a22002891x 450
001491dfc6e-cbc1-4d9f-a00f-857f16bc7116
00520140110052615.0
100##$a20130529l19141914k y0rusy50 ca
1010#$arus
102##$aRU
105##$ay z |||||
1222#$ad19140129
$ad19140715
2001#$aСлоновской А.
$j29 января - 15 июля 1914
215##$a3 листа
251##$cДело
300##$aЗаголовок дела на папке: Письма Слоновской А. (начальная женская гимназия) Кони А. Ф.
300##$a2 письма
300##$aРукописный текст
330##$aПереписка А. Ф. Кони; Письма к А. Ф. Кони
461#0$10013a54f2e3-e9cf-409b-80fa-f0a9bd3c40cb
$12001
$aКони Анатолий Федорович, юрист, литератор, член академии наук, председатель Санкт-Петербургского окружного суда, член государственного совета
$1251
$cФонд
$1852
$j564
462#0$100178a475cd-a47d-4377-bff3-cee4b81de655
$12001
$aОпись дел фонда А. Ф. Кони за 1880-1931 гг.
$1251
$cОпись
$1852
$j1
517##$aПисьма Слоновской А. (начальная женская гимназия) Кони А. Ф.
600#1$aКони
$bА. Ф.
$f1844-1927
$gАнатолий Федорович
600#1$aСлоновская
$bА.
801#0$aRU
$bGA_RF
801#1$aRU
$bНПО Опыт
$c20130529
$2rusmarc
801#2$aRU
$bПБ им. Б.Н. Ельцина
$c20140110
$gRCR
$2rusmarc
852##$aГА РФ
$j3217
937##$d42665907
$hПБ
035##$aRuPRLIB51004491
Формат отображения